000 00680nam a2200181Ia 4500
003 GCL
008 140319s9999 xx 000 0 ara d
040 _aGCL /
_cGCL
082 0 4 _a912.19
_bا ا
100 1 _aاوغيلفى, بروس
245 1 0 _aاطلس العالم المصور: اربع خرائط ملونه لكل قارة: المسرح الطبيعى الاقطار الحيوانات حياة الناس /
_cاوغيلفى, بروس
700 1 _aوينلى، دوغلاس
490 _aالهيئة العامة للاستعلامات
_v0
650 0 4 _aالخرائط
650 0 4 _aالاطالس
650 0 4 _aالاطالس التاريخية
942 _2ddc
_cBK
999 _c51969
_d51969